| 000 | 00437nam a2200157Ia 4500 | ||
|---|---|---|---|
| 008 | 220204s9999 xx 000 0 und d | ||
| 082 |
_a631.53:634(213) _bBOS |
||
| 245 | 0 | _aPropagation of tropical and subtropical horticultural crops | |
| 260 |
_aCalcutta _bNaya Prakash _c1986 |
||
| 650 | _aHorticultural crops | ||
| 650 | _aPlant propagation | ||
| 650 | _aPlantation crops | ||
| 650 | _aRubber | ||
| 700 | _aBOSE, T K | ||
| 942 | _cBK | ||
| 999 |
_c39780 _d39780 |
||